Závislosť

Bibliographic Details
Main Author: Alexandrova, Rada, 1943- (Author)
Other Authors: Vadkerti-Gavorníková, Lýdia, 1932-1999 (Translator), Sýkorová, Anna (Translator)
Format: Article
Language:Slovak
Subjects:

MARC

LEADER 00000nab a2200000 a 4500
001 vtls000316427
003 SK-MaSNL
005 20260426061942.0
008 230313c1978 xo 0 slo
015 |a SNBRB19rr/mm-uuuuu 
035 |a CL0006519 
035 |a urn:nbn:sk:snk-abbi3j 
035 |a (urnnbn)urn:nbn:sk:snk:ar-00481i 
035 |a (uuid)944df532-24aa-4867-9e7c-36fb22265e8e 
040 |a SNKBUCL  |b slo  |c SNKBUCL  |e AACR2 
041 0 |a slo 
044 |a xo  |c SK 
080 |a 886.7-1  |2 1981 
100 1 |a Alexandrova, Rada,  |d 1943-  |4 aut  |9 9409 
245 1 0 |a Závislosť  |c Rada Alexandrovová ; v jazykovej spolupráci s Annou Sýkorovou preložila Lýdia Vadkerti-Gavorníková 
655 7 |a články z novín a časopisov  |2 snkbucl  |9 267496 
655 7 |a články z odboru literárna veda a krásna literatúra  |2 snkbucl  |9 770045 
655 7 |a bulharská poézia  |2 snkbucl  |9 79327 
700 1 |a Vadkerti-Gavorníková, Lýdia,  |d 1932-1999  |4 trl  |9 227227 
700 1 |a Sýkorová, Anna  |4 trl  |9 278481 
773 0 |t Revue svetovej literatúry  |g Roč. 14, č. 1 (1978), s. 88 
850 |a Slovenská národná knižnica v Martine  |a MTA001 
852 |a SNK  |b KIS3GCP 
954 |a beletria cudzojazyčná (svetová)  |2 lita 
958 |a RK 
958 |a LX 
958 |a SK 
958 |a OND 
958 |a EUIPO 
958 |a article15 
999 |c 2519933  |d 2521863